000
00192 a2200097 4500
001
11387
100
_a
Moraer
245
_a
Yonder One World
260
_a
_b
Macmillon
_c
090
_c
8934
_d
8934
942
_a
NUST-CAE
_c
M
_c
35749
999
_c
246460
_d
246460